=LDR 00000nam 2200000 4500 =001 INLIS000000000054007 =005 20200312023959 =035 ##$$a 0010-0519000069 =007 ta =008 200312################g##########0#ind## =020 ##$$a 978-602-04-4921-0 =082 ##$$a 297.431 =084 ##$$a 297.431 FRA y =100 #$$a Frans Hendarsah =245 1#$$a Yang terlewatkan dalam pernikahan /$c Frans Hendarsah, Rahmi Herliani =250 ##$$a Cet 1 =260 ##$$a Jakarta :$b Elex Media Komputindo,$c 2017 =300 ##$$a ix, 184 hlm. ; $c 21 Cm. =650 #4$$a Perkawinan (Hukum Islam) =504 ##$$a Bibliografi : hlm. 179-180 - Biografi : hlm. 181 =990 ##$$a 51900019